01099cam a2200277 a 450000100060000000300080000600500170001400800410003103500190007204000270009104100080011808200340012610000480016024500960020826000500030430000450035450000200039950400300041960000530044965000260050265100520052865100560058094200120063699900170064895201560066525770BD-RjUL20211209050927.0140319s1980 ii j b 001 0beng d a(BD-RjUL)25840 aDLCcDLCdBD-RjULbeng aeng00a954.1402960924219bMUD 19801 aMukhopadhyay, Subhas Chandra,d1938-97915410aDiwani in Bengal, 1765 :bcareer of Nawab Najm-ud-Daulah /cby Subhas Chandra Mukhopadhyay. aVaranasi :bVishwavidyalaya Prakashan,c1980. aviii, 205 p. :bgeneal. tables ;c22 cm. aIncludes index. aBibliography: p. 195-198.00aNajm-ud-Daulah,cNawab of Bengal,d-1766.979155 aBengal (India)978476 0aBengal (India)xPolitics and government.979156 0aBengal (India)xKings and rulersxBiography.979157 2ddccBK c25770d25770 00102ddc40728NFICaRUCLbRUCLcReadingd1988-01-24eA.A Shif Aslf g150.00l0o954.1402960924 MUD 1980r2014-03-19 00:00:00tC-1w2014-03-19yBK